000 00944cam a22002413a 4500
001 1566
003 PGUSA
005 20140828083003.0
008 060222s2006||||xxu|||||s|||||000 | eng d
040 _aPGUSA
_beng
042 _adc
050 4 _aR
100 1 _aOsler, William,
_d1849-1919
245 1 4 _aThe Evolution of Modern Medicine :
_bA Series of Lectures Delivered at Yale University on the Silliman Foundation in April, 1913
_h[electronic resource] /
_cWilliam Osler
260 _bProject Gutenberg,
_c2006
505 0 _aOrigin of medicine -- Greek medicine -- Mediaeval medicine -- The Renaissance and the rise of anatomy and physiology -- The rise and development of modern medicine -- The rise of preventive medicine.
506 _aPublic domain in the USA.
516 _aElectronic text
653 _aMedicine -- History
830 0 _aProject Gutenberg
_v1566
856 4 0 _uhttp://www.gutenberg.org/ebooks/1566
942 _cEB
999 _c230914
_d230914